| 000 | 00658nam a2200205 a 4500 | ||
|---|---|---|---|
| 001 | 000023663 | ||
| 005 | 20240405200859.0 | ||
| 008 | 101217s1971 sp r 000 0 spa d | ||
| 040 |
_aDO-SdBNP _bspa _cBNPHU |
||
| 082 |
_a305.5 _bL331c |
||
| 100 | 1 |
_aLaroque, Pierre, _d1907-1997. _948749 |
|
| 245 | 1 | 4 |
_aLas clases sociales / _cPierre Laroque ; traducción de J. Vilaseca. |
| 260 |
_aBarcelona, España : _bOikos-tau, _c1971. |
||
| 300 |
_a127 p. ; _c18 cm. |
||
| 490 | 1 |
_a¿Qué sé? _v42 |
|
| 534 |
_aTítulo original: _tLes classes sociales |
||
| 650 | 0 |
_aClases sociales _91062 |
|
| 700 | 1 |
_aVilaseca, J. _etr. _948750 |
|
| 830 | 0 |
_a¿Qué sé? ; _n42 _948751 |
|
| 999 |
_c23159 _d23159 |
||